000 00406cam a2200157ua 4500
041 _aeng
_h
082 _a823.301
_bWOO/ST
100 _aWood-Comstock, Belle .
245 _aStory time, Vol 5 /
_cBelle Wood-Comstock.
_hTextual Documents
250 _a3 /
_b.
260 _aPoona :
_bOriental Watchman Publishing House ,
_c1965.
300 _a48 ; .
504 _a
942 _cBK
999 _c6965
_d6965